Detalles MARC
| 000 -LEADER |
| fixed length control field |
01367nam a22003257a 4500 |
| 003 - CONTROL NUMBER IDENTIFIER |
| control field |
DO-SdBNP |
| 005 - DATE AND TIME OF LATEST TRANSACTION |
| control field |
20220823135555.0 |
| 007 - PHYSICAL DESCRIPTION FIXED FIELD--GENERAL INFORMATION |
| fixed length control field |
ta |
| 008 - FIXED-LENGTH DATA ELEMENTS--GENERAL INFORMATION |
| fixed length control field |
210906b 2018 dr a 00| 0 spad |
| 020 ## - INTERNATIONAL STANDARD BOOK NUMBER |
| International Standard Book Number |
9789945169010 |
| 040 ## - CATALOGING SOURCE |
| Original cataloging agency |
DO-SdBNP |
| Language of cataloging |
spa |
| Transcribing agency |
BPMSU |
| 082 ## - DEWEY DECIMAL CLASSIFICATION NUMBER |
| Classification number |
361.02 |
| Item number |
B142s 2018 |
| Edition number |
22 |
| 100 1# - MAIN ENTRY--PERSONAL NAME |
| Relator code |
Báez, Juan Ramón |
| 245 10 - TITLE STATEMENT |
| Title |
Sueños y realidades de 20 años / |
| Statement of responsibility, etc. |
Juan Ramón Báez ; Mignologio Pujols |
| 250 ## - EDITION STATEMENT |
| Edition statement |
2a ed. revidada y ampliada |
| 260 ## - PUBLICATION, DISTRIBUTION, ETC. (IMPRINT) |
| Place of publication, distribution, etc. |
Santo Domingo : |
| Name of publisher, distributor, etc. |
Banco de Reservas de la República Dominicana, |
| Date of publication, distribution, etc. |
2018. |
| 300 ## - PHYSICAL DESCRIPTION |
| Extent |
211 p. : |
| Other physical details |
il. ; |
| Dimensions |
23 cm. |
| 500 ## - GENERAL NOTE |
| General note |
Incluye índice onomástico |
| 500 ## - GENERAL NOTE |
| General note |
Incluye referencias bibliográficas y notas al pie de las páginas |
| 500 ## - GENERAL NOTE |
| General note |
Incluye un catálogo fotográfico de personas destacada en el desarrollo de San José De Ocoa, |
| 590 ## - LOCAL NOTE (RLIN) |
| Local note |
Inventariado, 2022/VM |
| 650 #4 - SUBJECT ADDED ENTRY--TOPICAL TERM |
| Topical term or geographic name as entry element |
Desarrollo social |
| Geographic subdivision |
San José de Ocoa (República Dominicana) |
| 650 #4 - SUBJECT ADDED ENTRY--TOPICAL TERM |
| Topical term or geographic name as entry element |
Desarrollo comunitario |
| Geographic subdivision |
San José de Ocoa (República Dominicana) |
| 650 #4 - SUBJECT ADDED ENTRY--TOPICAL TERM |
| Topical term or geographic name as entry element |
Servicio social |
| Geographic subdivision |
San José de Ocoa (República Dominicana) |
| 650 #4 - SUBJECT ADDED ENTRY--TOPICAL TERM |
| Topical term or geographic name as entry element |
Administración de proyectos agropecuarios |
| Geographic subdivision |
San José de Ocoa (República Dominicana) |
| 700 1# - ADDED ENTRY--PERSONAL NAME |
| Personal name |
Pujols, Mignologio |
| Relator term |
pról. |
| 710 2# - ADDED ENTRY--CORPORATE NAME |
| Corporate name or jurisdiction name as entry element |
Asociación para el Desarrollo de San José de Ocoa (República Dominicana ) |
| 910 ## - USER-OPTION DATA (OCLC) |
| User-option data |
VMateo V. |
| 942 ## - ADDED ENTRY ELEMENTS (KOHA) |
| Source of classification or shelving scheme |
Dewey Decimal Classification |
| Koha item type |
Libros |